000
00224nam a2200097Ia 4500
001
689808
005
20250826161804.0
008
250824s9999 xx 000 0 und d
245
0
_a
BEYAZ DİŞ
_c
JACK LONDON
260
_b
AKVARYUM
999
_c
689808
_d
689808